[Event "World Chess Olympiad 2018"]
[Site "Batumi"]
[Date "2018.10.01"]
[Round "7"]
[Board "4"]
[WhiteFideId "2301318"]
[White "Kjartansson Gudmundur"]
[BlackFideId "14700280"]
[Black "Karimov Alisher"]
[Result "1/2-1/2"]
[LiveChessVersion "1.4.8"]
[BlackElo "2182"]
[WhiteElo "2428"]

1. Nf3 {[%clk 1:30:50]} Nf6 {[%clk 1:30:46]} 2. c4 {[%clk 1:31:14]} c5
{[%clk 1:30:58]} 3. Nc3 {[%clk 1:30:09]} e6 {[%clk 1:31:11]} 4. g3
{[%clk 1:30:25]} b6 {[%clk 1:31:23]} 5. Bg2 {[%clk 1:30:28]} Bb7 {[%clk 1:31:40]}
6. O-O {[%clk 1:30:53]} Be7 {[%clk 1:32:01]} 7. d4 {[%clk 1:30:52]} cxd4
{[%clk 1:32:23]} 8. Qxd4 {[%clk 1:31:17]} d6 {[%clk 1:27:34]} 9. Rd1
{[%clk 1:30:24]} O-O {[%clk 1:27:14]} 10. Bg5 {[%clk 1:28:55]} Nc6
{[%clk 1:26:03]} 11. Qd2 {[%clk 1:28:20]} Na5 {[%clk 1:18:17]} 12. b3
{[%clk 1:27:23]} Qb8 {[%clk 1:16:56]} 13. Nd4 {[%clk 1:03:55]} Bxg2
{[%clk 1:13:14]} 14. Kxg2 {[%clk 1:04:07]} a6 {[%clk 0:53:02]} 15. f3
{[%clk 1:02:46]} Qc7 {[%clk 0:49:45]} 16. Rac1 {[%clk 1:00:08]} Rfd8
{[%clk 0:48:30]} 17. e4 {[%clk 1:00:10]} Rac8 {[%clk 0:47:08]} 18. Na4
{[%clk 0:46:59]} Nc6 {[%clk 0:39:45]} 19. Be3 {[%clk 0:39:54]} Nd7
{[%clk 0:37:50]} 20. Nb5 {[%clk 0:16:06]} axb5 {[%clk 0:25:46]} 21. cxb5
{[%clk 0:16:31]} Nc5 {[%clk 0:25:13]} 22. bxc6 {[%clk 0:16:58]} Qxc6
{[%clk 0:24:52]} 23. Nc3 {[%clk 0:16:47]} Qb7 {[%clk 0:17:33]} 24. b4
{[%clk 0:16:32]} Na6 {[%clk 0:14:59]} 25. a3 {[%clk 0:16:14]} Nc7
{[%clk 0:12:59]} 26. Qf2 {[%clk 0:04:58]} Rb8 {[%clk 0:12:20]} 27. Rc2
{[%clk 0:03:51]} b5 {[%clk 0:07:23]} 28. Rdc1 {[%clk 0:03:15]} Ne8
{[%clk 0:06:22]} 29. Ne2 {[%clk 0:03:06]} Ra8 {[%clk 0:03:44]} 30. Rc3
{[%clk 0:02:26]} d5 {[%clk 0:03:14]} 31. e5 {[%clk 0:02:27]} f6 {[%clk 0:03:23]}
32. Bd4 {[%clk 0:02:40]} Rdc8 {[%clk 0:02:50]} 33. Qe3 {[%clk 0:02:43]} Kf7
{[%clk 0:01:40]} 34. Nf4 {[%clk 0:00:48]} Qd7 {[%clk 0:02:09]} 35. exf6
{[%clk 0:00:43]} gxf6 {[%clk 0:02:04]} 36. Qd3 {[%clk 0:00:50]} e5
{[%clk 0:01:35]} 37. Qxh7+ {[%clk 0:01:08]} Ng7 {[%clk 0:02:04]} 38. Nh5
{[%clk 0:01:01]} Rg8 {[%clk 0:01:04]} 39. Nxf6 {[%clk 0:00:46]} Kxf6
{[%clk 0:01:06]} 40. Rc6+ {[%clk 0:30:48]} Kf7 {[%clk 0:30:35]} 41. Qg6+
{[%clk 0:24:46]} Kf8 {[%clk 0:30:57]} 42. Bc5 {[%clk 0:22:01]} Ne8
{[%clk 0:28:42]} 43. Qh6+ {[%clk 0:14:22]} 1/2-1/2

[Event "World Chess Olympiad 2018"]
[Site "Batumi"]
[Date "2018.10.01"]
[Round "7"]
[Board "1"]
[WhiteFideId "16301188"]
[White "Bai Adelard"]
[BlackFideId "13800574"]
[Black "Tologontegin Semetey"]
[Result "1/2-1/2"]
[LiveChessVersion "1.4.8"]
[BlackElo "2419"]
[WhiteElo "2111"]

1. Nf3 {[%clk 1:30:40]} d6 {[%clk 1:29:57]} 2. g3 {[%clk 1:30:51]} e5
{[%clk 1:30:18]} 3. d3 {[%clk 1:31:12]} f5 {[%clk 1:30:17]} 4. Nc3
{[%clk 1:30:51]} Nf6 {[%clk 1:30:31]} 5. Bg2 {[%clk 1:30:49]} Be7
{[%clk 1:29:44]} 6. O-O {[%clk 1:31:02]} Nc6 {[%clk 1:27:28]} 7. e4
{[%clk 1:30:57]} fxe4 {[%clk 1:27:23]} 8. dxe4 {[%clk 1:30:43]} Bg4
{[%clk 1:25:35]} 9. h3 {[%clk 1:30:40]} Bh5 {[%clk 1:25:51]} 10. Qd3
{[%clk 1:30:17]} Qd7 {[%clk 1:25:33]} 11. g4 {[%clk 1:16:53]} Bf7
{[%clk 1:20:38]} 12. Be3 {[%clk 1:12:16]} h5 {[%clk 1:17:54]} 13. g5
{[%clk 1:12:02]} Nh7 {[%clk 1:18:10]} 14. a3 {[%clk 1:11:19]} Be6
{[%clk 1:07:59]} 15. Kh2 {[%clk 1:10:32]} h4 {[%clk 1:07:30]} 16. Nd5
{[%clk 1:09:21]} Nf8 {[%clk 0:59:56]} 17. Rad1 {[%clk 1:07:46]} Ng6
{[%clk 1:00:17]} 18. b4 {[%clk 1:08:01]} Bd8 {[%clk 0:34:29]} 19. c4
{[%clk 1:05:16]} O-O {[%clk 0:29:16]} 20. c5 {[%clk 1:04:25]} Nce7
{[%clk 0:28:16]} 21. Nxc7 {[%clk 1:03:34]} Qxc7 {[%clk 0:19:06]} 22. cxd6
{[%clk 1:03:51]} Qc6 {[%clk 0:19:17]} 23. dxe7 {[%clk 1:01:30]} Bxe7
{[%clk 0:19:38]} 24. Rc1 {[%clk 1:01:05]} Qa4 {[%clk 0:19:31]} 25. Bc5
{[%clk 0:58:13]} Bxc5 {[%clk 0:13:00]} 26. Rxc5 {[%clk 0:55:58]} b6
{[%clk 0:13:02]} 27. Rc7 {[%clk 0:55:24]} Rad8 {[%clk 0:05:31]} 28. Qc3
{[%clk 0:55:21]} Qb5 {[%clk 0:05:59]} 29. Qc6 {[%clk 0:47:14]} Qxc6
{[%clk 0:06:18]} 30. Rxc6 {[%clk 0:47:39]} Kf7 {[%clk 0:03:28]} 31. Rfc1
{[%clk 0:47:36]} Ke7 {[%clk 0:03:50]} 32. R1c3 {[%clk 0:46:00]} Rf4
{[%clk 0:02:26]} 33. Bf1 {[%clk 0:44:19]} Rd6 {[%clk 0:01:17]} 34. Rxd6
{[%clk 0:41:59]} Kxd6 {[%clk 0:01:43]} 35. Bb5 {[%clk 0:42:10]} Ne7
{[%clk 0:00:53]} 36. Rd3+ {[%clk 0:39:21]} Kc7 {[%clk 0:01:21]} 37. Rc3+
{[%clk 0:38:14]} Kd6 {[%clk 0:01:48]} 38. Rd3+ {[%clk 0:36:09]} Kc7
{[%clk 0:02:17]} 39. Rc3+ {[%clk 0:34:51]} 1/2-1/2

[Event "World Chess Olympiad 2018"]
[Site "Batumi"]
[Date "2018.10.01"]
[Round "7"]
[Board "2"]
[WhiteFideId "13800337"]
[White "Abdyjapar Asyl"]
[BlackFideId "3203824"]
[Black "Song Raymond"]
[Result "1/2-1/2"]
[LiveChessVersion "1.4.8"]
[BlackElo "2305"]
[WhiteElo "2372"]

1. d4 {[%clk 1:30:58]} Nf6 {[%clk 1:30:55]} 2. c4 {[%clk 1:31:23]} e6
{[%clk 1:31:22]} 3. Nf3 {[%clk 1:31:43]} d5 {[%clk 1:31:49]} 4. Nc3
{[%clk 1:32:09]} Bb4 {[%clk 1:32:15]} 5. cxd5 {[%clk 1:32:31]} exd5
{[%clk 1:32:38]} 6. Bg5 {[%clk 1:32:59]} h6 {[%clk 1:33:03]} 7. Bh4
{[%clk 1:33:24]} O-O {[%clk 1:33:28]} 8. e3 {[%clk 1:33:51]} Bf5 {[%clk 1:33:55]}
9. Be2 {[%clk 1:33:58]} g5 {[%clk 1:34:16]} 10. Bg3 {[%clk 1:34:24]} Ne4
{[%clk 1:34:42]} 11. Qb3 {[%clk 1:34:10]} Nc6 {[%clk 1:29:34]} 12. Nd2
{[%clk 1:22:20]} Bxc3 {[%clk 1:23:56]} 13. bxc3 {[%clk 1:22:42]} Nxd2
{[%clk 1:24:23]} 14. Kxd2 {[%clk 1:23:06]} Na5 {[%clk 1:24:50]} 15. Qb4
{[%clk 1:17:36]} b6 {[%clk 1:23:04]} 16. h4 {[%clk 1:18:01]} g4 {[%clk 1:21:21]}
17. Rhc1 {[%clk 1:17:48]} Rc8 {[%clk 1:20:14]} 18. Ke1 {[%clk 1:18:10]} Kh7
{[%clk 1:19:27]} 19. Rd1 {[%clk 1:13:25]} Qf6 {[%clk 1:15:32]} 20. Rac1
{[%clk 1:13:43]} Rfe8 {[%clk 1:13:02]} 21. Qa4 {[%clk 1:07:59]} c6
{[%clk 1:12:40]} 22. c4 {[%clk 1:05:25]} dxc4 {[%clk 1:11:56]} 23. Bxc4
{[%clk 1:05:49]} Nxc4 {[%clk 1:12:24]} 24. Qxc4 {[%clk 1:06:14]} Be4
{[%clk 1:12:41]} 25. Kf1 {[%clk 1:06:23]} Bd5 {[%clk 1:12:29]} 26. Qc2+
{[%clk 1:06:38]} Qg6 {[%clk 1:12:54]} 27. Qxg6+ {[%clk 1:06:26]} Kxg6
{[%clk 1:13:22]} 28. Rd2 {[%clk 1:06:35]} a5 {[%clk 1:11:17]} 29. Kg1
{[%clk 1:06:06]} b5 {[%clk 1:08:34]} 30. Kh2 {[%clk 1:06:24]} b4 {[%clk 1:08:17]}
31. Rb2 {[%clk 1:05:43]} Re6 {[%clk 1:06:17]} 32. Rc5 {[%clk 1:05:24]} Ra8
{[%clk 1:06:45]} 33. h5+ {[%clk 1:03:50]} Kg7 {[%clk 1:04:21]} 34. Be5+
{[%clk 1:02:40]} f6 {[%clk 1:01:11]} 35. Bf4 {[%clk 0:53:16]} Ra7
{[%clk 0:51:40]} 36. Kg3 {[%clk 0:52:59]} a4 {[%clk 0:51:44]} 37. Rxd5
{[%clk 0:51:24]} cxd5 {[%clk 0:51:57]} 38. Rxb4 {[%clk 0:51:50]} Ree7
{[%clk 0:49:30]} 39. Rb5 {[%clk 0:44:42]} Reb7 {[%clk 0:49:20]} 40. Rxd5
{[%clk 1:15:06]} a3 {[%clk 1:19:46]} 41. Bd6 {[%clk 1:15:21]} Rb2
{[%clk 1:18:48]} 42. Bc5 {[%clk 1:15:46]} Ra8 {[%clk 1:17:41]} 43. Rd7+
{[%clk 1:15:08]} Kg8 {[%clk 1:18:06]} 44. Rd6 {[%clk 1:10:53]} Kf7
{[%clk 1:11:15]} 45. Rd7+ {[%clk 1:09:55]} Kg8 {[%clk 1:10:52]} 46. Rd6
{[%clk 1:10:18]} 1/2-1/2

[Event "World Chess Olympiad 2018"]
[Site "Batumi"]
[Date "2018.10.01"]
[Round "7"]
[Board "3"]
[WhiteFideId "16300440"]
[White "Yang Ching Wei Austin"]
[BlackFideId "13800027"]
[Black "Mamatov Melis"]
[Result "1/2-1/2"]
[LiveChessVersion "1.4.8"]
[BlackElo "2196"]
[WhiteElo "2198"]

1. e4 {[%clk 1:30:45]} c5 {[%clk 1:30:31]} 2. Nf3 {[%clk 1:31:10]} d6
{[%clk 1:30:05]} 3. d4 {[%clk 1:31:27]} cxd4 {[%clk 1:29:51]} 4. Nxd4
{[%clk 1:31:50]} Nf6 {[%clk 1:30:16]} 5. Nc3 {[%clk 1:32:16]} e5 {[%clk 1:30:41]}
6. Bb5+ {[%clk 1:31:39]} Nbd7 {[%clk 1:30:28]} 7. Nf5 {[%clk 1:29:10]} a6
{[%clk 1:30:51]} 8. Bxd7+ {[%clk 1:24:37]} Qxd7 {[%clk 1:31:14]} 9. Bg5
{[%clk 1:21:15]} Nxe4 {[%clk 1:31:31]} 10. Nxg7+ {[%clk 1:16:57]} Bxg7
{[%clk 1:31:59]} 11. Nxe4 {[%clk 1:17:16]} O-O {[%clk 1:32:12]} 12. Qxd6
{[%clk 1:07:53]} f6 {[%clk 1:30:13]} 13. Qxd7 {[%clk 1:01:27]} Bxd7
{[%clk 1:30:42]} 14. Bd2 {[%clk 1:00:47]} Bc6 {[%clk 1:26:10]} 15. f3
{[%clk 0:59:03]} f5 {[%clk 1:26:11]} 16. Nc3 {[%clk 0:57:50]} e4 {[%clk 0:48:59]}
17. fxe4 {[%clk 0:54:32]} fxe4 {[%clk 0:47:05]} 18. Nd1 {[%clk 0:25:04]} e3
{[%clk 0:44:20]} 19. Nxe3 {[%clk 0:25:02]} Bxb2 {[%clk 0:44:48]} 20. Rb1
{[%clk 0:25:20]} Bd4 {[%clk 0:39:08]} 21. Rb4 {[%clk 0:23:08]} Rad8
{[%clk 0:39:37]} 22. c3 {[%clk 0:15:33]} Bg7 {[%clk 0:31:01]} 23. Rg4
{[%clk 0:15:38]} Rd3 {[%clk 0:17:56]} 24. Rf1 {[%clk 0:13:00]} Re8
{[%clk 0:07:23]} 25. Ke2 {[%clk 0:12:40]} Red8 {[%clk 0:06:48]} 26. Be1
{[%clk 0:08:17]} R3d7 {[%clk 0:02:40]} 27. Bh4 {[%clk 0:05:10]} Re8
{[%clk 0:01:44]} 28. Bf6 {[%clk 0:05:11]} Be4 {[%clk 0:00:56]} 29. Rxg7+
{[%clk 0:02:57]} Rxg7 {[%clk 0:01:24]} 30. Bxg7 {[%clk 0:03:24]} Kxg7
{[%clk 0:01:53]} 31. Rd1 {[%clk 0:03:22]} Bc6 {[%clk 0:01:31]} 32. Rd4
{[%clk 0:02:42]} Re5 {[%clk 0:02:00]} 33. g4 {[%clk 0:01:28]} Ra5
{[%clk 0:02:08]} 34. Rd2 {[%clk 0:01:23]} Ra4 {[%clk 0:01:45]} 35. h4
{[%clk 0:00:44]} Bb5+ {[%clk 0:01:02]} 36. Kf3 {[%clk 0:00:36]} Ra3
{[%clk 0:01:04]} 37. Rc2 {[%clk 0:00:32]} Ba4 {[%clk 0:00:57]} 38. Nc4
{[%clk 0:00:33]} Bc6+ {[%clk 0:00:54]} 39. Kg3 {[%clk 0:00:45]} Ra4
{[%clk 0:01:06]} 40. Ne5 {[%clk 0:30:33]} Be4 {[%clk 0:30:39]} 41. Rd2
{[%clk 0:27:56]} b5 {[%clk 0:21:36]} 42. g5 {[%clk 0:23:01]} Bf5 {[%clk 0:19:36]}
43. h5 {[%clk 0:18:22]} Re4 {[%clk 0:17:24]} 44. Rd5 {[%clk 0:11:42]} h6
{[%clk 0:12:30]} 45. gxh6+ {[%clk 0:05:09]} Kh7 {[%clk 0:05:27]} 46. Nf3
{[%clk 0:04:21]} Rg4+ {[%clk 0:05:27]} 47. Kf2 {[%clk 0:04:22]} Rf4
{[%clk 0:05:56]} 48. Kg3 {[%clk 0:03:49]} Rg4+ {[%clk 0:06:25]} 49. Kf2
{[%clk 0:03:55]} Rf4 {[%clk 0:04:57]} 50. Ke3 {[%clk 0:04:07]} Re4+
{[%clk 0:05:25]} 51. Kd2 {[%clk 0:03:19]} Rf4 {[%clk 0:05:09]} 52. Ke3
{[%clk 0:02:44]} Re4+ {[%clk 0:05:37]} 53. Kf2 {[%clk 0:03:09]} Rf4
{[%clk 0:06:06]} 54. Rd4 {[%clk 0:03:28]} Rxd4 {[%clk 0:05:45]} 55. Nxd4
{[%clk 0:03:35]} Bb1 {[%clk 0:05:13]} 56. a3 {[%clk 0:04:04]} Kxh6
{[%clk 0:05:42]} 57. Ke3 {[%clk 0:04:08]} Kxh5 {[%clk 0:05:57]} 58. Nb3
{[%clk 0:02:55]} Kg5 {[%clk 0:05:09]} 59. Kd4 {[%clk 0:03:05]} Kf4
{[%clk 0:04:53]} 60. Na5 {[%clk 0:01:33]} Be4 {[%clk 0:04:25]} 61. Kc5
{[%clk 0:01:44]} Ke3 {[%clk 0:04:18]} 62. Nb3 {[%clk 0:01:32]} Bb7
{[%clk 0:03:52]} 63. Kb6 {[%clk 0:00:42]} Kd3 {[%clk 0:01:47]} 64. Kxb7
{[%clk 0:00:35]} Kxc3 {[%clk 0:02:16]} 65. Nc5 {[%clk 0:00:34]} Kb2
{[%clk 0:02:26]} 66. Kxa6 {[%clk 0:00:54]} Kxa3 {[%clk 0:02:54]} 67. Kxb5
{[%clk 0:01:15]} 1/2-1/2

[Event "World Chess Olympiad 2018"]
[Site "Batumi"]
[Date "2018.10.01"]
[Round "7"]
[Board "4"]
[WhiteFideId "13801856"]
[White "Sezdbekov Ruslan"]
[BlackFideId "16300416"]
[Black "Liu Yeh Yang"]
[Result "1-0"]
[LiveChessVersion "1.4.8"]
[BlackElo "1926"]
[WhiteElo "2160"]

1. e4 {[%clk 1:30:57]} c5 {[%clk 1:30:59]} 2. Nf3 {[%clk 1:31:22]} Nc6
{[%clk 1:31:25]} 3. c3 {[%clk 1:31:48]} d5 {[%clk 1:31:48]} 4. exd5
{[%clk 1:32:13]} Qxd5 {[%clk 1:32:16]} 5. d4 {[%clk 1:32:36]} Nf6
{[%clk 1:32:40]} 6. Be2 {[%clk 1:32:52]} e6 {[%clk 1:29:58]} 7. O-O
{[%clk 1:32:49]} Be7 {[%clk 1:29:49]} 8. Be3 {[%clk 1:32:22]} cxd4
{[%clk 1:28:29]} 9. Nxd4 {[%clk 1:31:17]} e5 {[%clk 1:21:23]} 10. c4
{[%clk 1:27:07]} Qd6 {[%clk 1:13:56]} 11. Nb5 {[%clk 1:23:46]} Qb8
{[%clk 1:14:21]} 12. N5c3 {[%clk 1:21:26]} O-O {[%clk 1:13:22]} 13. Nd5
{[%clk 1:20:10]} Nxd5 {[%clk 1:10:00]} 14. cxd5 {[%clk 1:20:10]} Rd8
{[%clk 1:10:26]} 15. Nc3 {[%clk 1:19:04]} Bf5 {[%clk 1:06:06]} 16. f4
{[%clk 1:10:01]} Qc8 {[%clk 0:51:57]} 17. Kh1 {[%clk 0:59:23]} Bf6
{[%clk 0:51:54]} 18. Rc1 {[%clk 0:54:27]} exf4 {[%clk 0:37:00]} 19. Bxf4
{[%clk 0:53:16]} Ne5 {[%clk 0:36:54]} 20. Na4 {[%clk 0:44:25]} Qb8
{[%clk 0:34:31]} 21. Nc3 {[%clk 0:36:20]} a6 {[%clk 0:30:28]} 22. Qe1
{[%clk 0:33:52]} Re8 {[%clk 0:29:00]} 23. Qg3 {[%clk 0:31:27]} Qd8
{[%clk 0:27:47]} 24. Qf2 {[%clk 0:25:45]} Rc8 {[%clk 0:24:39]} 25. Bg3
{[%clk 0:22:53]} Bg6 {[%clk 0:24:27]} 26. Rcd1 {[%clk 0:21:29]} Qd7
{[%clk 0:24:05]} 27. h3 {[%clk 0:18:54]} h6 {[%clk 0:24:32]} 28. d6
{[%clk 0:12:42]} Rc6 {[%clk 0:16:59]} 29. Qd4 {[%clk 0:06:44]} Qe6
{[%clk 0:08:23]} 30. Nd5 {[%clk 0:06:20]} Nd7 {[%clk 0:08:50]} 31. Nxf6+
{[%clk 0:05:53]} Nxf6 {[%clk 0:09:19]} 32. Bf3 {[%clk 0:06:12]} Rc4
{[%clk 0:06:11]} 33. Qb6 {[%clk 0:05:33]} Ne4 {[%clk 0:06:38]} 34. Bh2
{[%clk 0:05:28]} Qd7 {[%clk 0:06:16]} 35. Bg4 {[%clk 0:05:20]} f5
{[%clk 0:05:19]} 36. Bf3 {[%clk 0:05:21]} Bf7 {[%clk 0:04:23]} 37. a3
{[%clk 0:04:28]} Be6 {[%clk 0:04:28]} 38. Rd4 {[%clk 0:03:11]} Rxd4
{[%clk 0:02:05]} 39. Qxd4 {[%clk 0:03:30]} Ng5 {[%clk 0:02:31]} 40. Bd5
{[%clk 0:31:50]} Rf8 {[%clk 0:30:52]} 41. Rc1 {[%clk 0:26:22]} Qb5
{[%clk 0:26:10]} 42. Rc7 {[%clk 0:22:51]} Bf7 {[%clk 0:26:31]} 43. Bc4
{[%clk 0:21:17]} Qe8 {[%clk 0:25:58]} 44. Re7 {[%clk 0:17:21]} Qc6
{[%clk 0:25:47]} 45. d7 {[%clk 0:15:25]} Qxc4 {[%clk 0:24:13]} 46. Qxc4
{[%clk 0:15:49]} Bxc4 {[%clk 0:24:39]} 47. Re8 {[%clk 0:16:06]} Nf7
{[%clk 0:23:00]} 48. Bd6 {[%clk 0:16:28]} Nxd6 {[%clk 0:23:27]} 49. Rxf8+
{[%clk 0:16:51]} Kxf8 {[%clk 0:23:53]} 50. d8=Q+ {[%clk 0:17:15]} Ne8
{[%clk 0:24:20]} 51. Qd7 {[%clk 0:17:24]} b5 {[%clk 0:19:35]} 52. Qxf5+
{[%clk 0:17:47]} Ke7 {[%clk 0:19:54]} 53. Qc5+ {[%clk 0:18:06]} Kd8
{[%clk 0:15:49]} 54. Qa7 {[%clk 0:18:25]} Be6 {[%clk 0:14:10]} 55. Qxa6
{[%clk 0:18:42]} Bd7 {[%clk 0:14:38]} 56. b3 {[%clk 0:18:42]} Kc7
{[%clk 0:14:22]} 57. a4 {[%clk 0:18:54]} bxa4 {[%clk 0:14:48]} 58. bxa4
{[%clk 0:19:21]} Bc6 {[%clk 0:15:05]} 59. a5 {[%clk 0:19:36]} Kd6
{[%clk 0:09:18]} 60. Qb6 {[%clk 0:19:50]} Nf6 {[%clk 0:09:14]} 61. a6
{[%clk 0:19:59]} Nd5 {[%clk 0:09:33]} 62. Qd8+ {[%clk 0:20:16]} Ke6
{[%clk 0:08:30]} 63. a7 {[%clk 0:20:39]} 1-0

[Event "World Chess Olympiad 2018"]
[Site "Batumi"]
[Date "2018.10.01"]
[Round "7"]
[Board "1"]
[WhiteFideId "6200176"]
[White "Teerapabpaisit Wisuwat"]
[BlackFideId "7700768"]
[Black "Johnson Joshua"]
[Result "1-0"]
[LiveChessVersion "1.4.8"]
[BlackElo "2261"]
[WhiteElo "2154"]

1. e4 {[%clk 1:30:58]} c5 {[%clk 1:30:57]} 2. Nf3 {[%clk 1:31:20]} d6
{[%clk 1:31:24]} 3. d4 {[%clk 1:31:43]} cxd4 {[%clk 1:31:51]} 4. Nxd4
{[%clk 1:32:07]} Nf6 {[%clk 1:32:20]} 5. Nc3 {[%clk 1:32:36]} g6 {[%clk 1:32:46]}
6. Be3 {[%clk 1:33:01]} Bg7 {[%clk 1:33:14]} 7. f3 {[%clk 1:33:20]} O-O
{[%clk 1:33:41]} 8. Qd2 {[%clk 1:33:47]} Nc6 {[%clk 1:34:09]} 9. O-O-O
{[%clk 1:34:05]} d5 {[%clk 1:34:17]} 10. Kb1 {[%clk 1:34:09]} Nxd4
{[%clk 1:34:38]} 11. e5 {[%clk 1:34:18]} Nf5 {[%clk 1:35:02]} 12. exf6
{[%clk 1:34:34]} exf6 {[%clk 1:34:39]} 13. Bc5 {[%clk 1:34:16]} d4
{[%clk 1:33:00]} 14. Bxf8 {[%clk 1:34:14]} Qxf8 {[%clk 1:33:03]} 15. Nb5
{[%clk 1:32:13]} Ne3 {[%clk 1:32:40]} 16. Re1 {[%clk 1:31:38]} f5
{[%clk 1:30:45]} 17. f4 {[%clk 1:29:39]} Qc5 {[%clk 1:26:11]} 18. c3
{[%clk 1:25:30]} Be6 {[%clk 0:31:38]} 19. Nxd4 {[%clk 1:19:32]} Nxf1
{[%clk 0:31:36]} 20. Rhxf1 {[%clk 1:19:32]} Bd5 {[%clk 0:31:07]} 21. Rd1
{[%clk 1:06:32]} Qc4 {[%clk 0:27:09]} 22. b3 {[%clk 0:54:12]} Qc5
{[%clk 0:22:16]} 23. Kb2 {[%clk 0:50:56]} Be4 {[%clk 0:22:09]} 24. g3
{[%clk 0:38:12]} Rc8 {[%clk 0:20:15]} 25. Rc1 {[%clk 0:38:07]} a5
{[%clk 0:14:46]} 26. a4 {[%clk 0:36:19]} Rd8 {[%clk 0:14:20]} 27. Rcd1
{[%clk 0:33:38]} b5 {[%clk 0:08:08]} 28. axb5 {[%clk 0:33:01]} a4
{[%clk 0:08:13]} 29. Qe3 {[%clk 0:18:57]} Ra8 {[%clk 0:05:22]} 30. Ra1
{[%clk 0:18:49]} Bxd4 {[%clk 0:05:47]} 31. Qxd4 {[%clk 0:18:30]} Qxb5
{[%clk 0:06:13]} 32. Qc4 {[%clk 0:17:29]} Qd7 {[%clk 0:05:08]} 33. Rfd1
{[%clk 0:17:17]} a3+ {[%clk 0:05:35]} 34. Ka2 {[%clk 0:16:59]} Qe7
{[%clk 0:03:16]} 35. Rd2 {[%clk 0:16:41]} Ra7 {[%clk 0:03:44]} 36. Qd4
{[%clk 0:15:17]} Ra8 {[%clk 0:02:48]} 37. Rad1 {[%clk 0:14:30]} Rc8
{[%clk 0:02:49]} 38. c4 {[%clk 0:13:36]} Bf3 {[%clk 0:02:29]} 39. Rf1
{[%clk 0:12:01]} Be4 {[%clk 0:02:41]} 40. Qd7 {[%clk 0:41:23]} Qc5
{[%clk 0:32:42]} 41. Rfd1 {[%clk 0:41:08]} Rb8 {[%clk 0:31:13]} 42. Qd6
{[%clk 0:41:00]} Qa7 {[%clk 0:31:42]} 43. Qf6 {[%clk 0:39:44]} 1-0

[Event "World Chess Olympiad 2018"]
[Site "Batumi"]
[Date "2018.10.01"]
[Round "7"]
[Board "2"]
[WhiteFideId "7700512"]
[White "Cupid Kevin"]
[BlackFideId "6201610"]
[Black "Kulpruethanon Thanadon"]
[Result "0-1"]
[LiveChessVersion "1.4.8"]
[BlackElo "2291"]
[WhiteElo "2124"]

1. d4 {[%clk 1:30:57]} d5 {[%clk 1:30:52]} 2. c4 {[%clk 1:31:25]} e6
{[%clk 1:31:14]} 3. Nf3 {[%clk 1:31:51]} Nf6 {[%clk 1:31:38]} 4. Nc3
{[%clk 1:32:14]} c6 {[%clk 1:32:02]} 5. e3 {[%clk 1:32:39]} Nbd7 {[%clk 1:32:25]}
6. Qc2 {[%clk 1:32:49]} Bd6 {[%clk 1:32:42]} 7. b3 {[%clk 1:33:18]} O-O
{[%clk 1:32:43]} 8. Be2 {[%clk 1:33:37]} b6 {[%clk 1:32:39]} 9. cxd5
{[%clk 1:33:37]} exd5 {[%clk 1:31:15]} 10. O-O {[%clk 1:32:53]} Re8
{[%clk 1:30:59]} 11. Bb2 {[%clk 1:26:28]} Bb7 {[%clk 1:30:01]} 12. Rfe1
{[%clk 1:21:07]} Qe7 {[%clk 1:21:17]} 13. Rad1 {[%clk 1:20:30]} b5
{[%clk 1:12:56]} 14. g3 {[%clk 1:10:28]} Ne4 {[%clk 1:02:26]} 15. Nxe4
{[%clk 1:10:29]} dxe4 {[%clk 1:02:43]} 16. Nh4 {[%clk 1:09:48]} Qe6
{[%clk 0:55:56]} 17. a4 {[%clk 1:03:17]} a6 {[%clk 0:41:31]} 18. d5
{[%clk 0:24:38]} cxd5 {[%clk 0:41:31]} 19. axb5 {[%clk 0:25:07]} Rec8
{[%clk 0:40:32]} 20. Qd2 {[%clk 0:24:44]} axb5 {[%clk 0:39:51]} 21. Bxb5
{[%clk 0:24:43]} Ne5 {[%clk 0:39:19]} 22. Be2 {[%clk 0:11:23]} Ra2
{[%clk 0:28:40]} 23. Ra1 {[%clk 0:10:18]} Rxb2 {[%clk 0:28:02]} 24. Qxb2
{[%clk 0:10:43]} g5 {[%clk 0:28:23]} 25. f4 {[%clk 0:00:40]} gxh4
{[%clk 0:28:28]} 26. Rac1 {[%clk 0:00:34]} Rb8 {[%clk 0:26:35]} 27. fxe5
{[%clk 0:00:52]} Bxe5 {[%clk 0:26:54]} 28. Qd2 {[%clk 0:00:39]} hxg3
{[%clk 0:26:30]} 29. Bf1 {[%clk 0:00:43]} gxh2+ {[%clk 0:25:29]} 30. Kh1
{[%clk 0:01:12]} Kh8 {[%clk 0:24:29]} 31. Re2 {[%clk 0:01:27]} d4
{[%clk 0:22:20]} 32. b4 {[%clk 0:01:28]} f5 {[%clk 0:20:26]} 33. Bh3
{[%clk 0:01:41]} Qf6 {[%clk 0:20:12]} 34. Rf1 {[%clk 0:00:32]} f4
{[%clk 0:20:06]} 35. Rxh2 {[%clk 0:00:35]} dxe3 {[%clk 0:19:47]} 36. Qd7
{[%clk 0:00:53]} e2 {[%clk 0:14:13]} 37. Rg1 {[%clk 0:01:03]} e3+
{[%clk 0:14:04]} 38. Bg2 {[%clk 0:01:21]} Bxg2+ {[%clk 0:14:05]} 39. Rhxg2
{[%clk 0:01:28]} f3 {[%clk 0:12:42]} 0-1

[Event "World Chess Olympiad 2018"]
[Site "Batumi"]
[Date "2018.10.01"]
[Round "7"]
[Board "3"]
[WhiteFideId "6204422"]
[White "Prasitsoonthorn Teerachoti"]
[BlackFideId "7700750"]
[Black "Winter Atwell Adrian"]
[Result "1-0"]
[LiveChessVersion "1.4.8"]
[BlackElo "2221"]
[WhiteElo "1830"]

1. d4 {[%clk 1:30:55]} d5 {[%clk 1:30:14]} 2. Nc3 {[%clk 1:31:00]} Nf6
{[%clk 1:28:56]} 3. Bf4 {[%clk 1:31:19]} c6 {[%clk 1:28:28]} 4. e3
{[%clk 1:30:51]} Bf5 {[%clk 1:27:16]} 5. f3 {[%clk 1:30:28]} h6 {[%clk 1:26:18]}
6. g4 {[%clk 1:27:10]} Bh7 {[%clk 1:23:31]} 7. Bd3 {[%clk 1:20:49]} Bxd3
{[%clk 1:22:58]} 8. Qxd3 {[%clk 1:21:12]} e6 {[%clk 1:22:52]} 9. O-O-O
{[%clk 1:20:40]} Bd6 {[%clk 1:22:42]} 10. Nge2 {[%clk 1:18:45]} Bxf4
{[%clk 1:19:58]} 11. Nxf4 {[%clk 1:11:01]} Qc7 {[%clk 1:19:27]} 12. h4
{[%clk 1:10:09]} e5 {[%clk 1:13:26]} 13. dxe5 {[%clk 0:47:17]} Qxe5
{[%clk 1:13:10]} 14. g5 {[%clk 0:47:35]} Nfd7 {[%clk 1:12:47]} 15. g6
{[%clk 0:46:34]} f6 {[%clk 1:12:32]} 16. Nce2 {[%clk 0:42:57]} Nc5
{[%clk 1:09:58]} 17. Qd4 {[%clk 0:35:03]} Nbd7 {[%clk 1:06:39]} 18. b4
{[%clk 0:28:08]} Na6 {[%clk 1:04:37]} 19. e4 {[%clk 0:25:01]} Qxd4
{[%clk 0:54:52]} 20. Rxd4 {[%clk 0:23:24]} Ne5 {[%clk 0:52:00]} 21. exd5
{[%clk 0:21:13]} cxd5 {[%clk 0:45:58]} 22. Nxd5 {[%clk 0:20:36]} O-O-O
{[%clk 0:44:30]} 23. Ne7+ {[%clk 0:16:31]} Kb8 {[%clk 0:44:23]} 24. f4
{[%clk 0:11:20]} Rxd4 {[%clk 0:38:25]} 25. Nxd4 {[%clk 0:11:49]} Nc6
{[%clk 0:32:21]} 26. Ndxc6+ {[%clk 0:09:21]} bxc6 {[%clk 0:32:46]} 27. Nxc6+
{[%clk 0:09:45]} Kc7 {[%clk 0:31:31]} 28. b5 {[%clk 0:09:09]} Nc5
{[%clk 0:31:35]} 29. Re1 {[%clk 0:08:04]} a6 {[%clk 0:30:10]} 30. Nd4
{[%clk 0:06:25]} Kd7 {[%clk 0:30:13]} 31. Nf5 {[%clk 0:05:16]} Ne6
{[%clk 0:30:27]} 32. Rd1+ {[%clk 0:05:33]} Kc7 {[%clk 0:30:28]} 33. b6+
{[%clk 0:05:45]} Kb7 {[%clk 0:30:30]} 34. Rd7+ {[%clk 0:05:40]} Kc8
{[%clk 0:29:31]} 35. Ra7 {[%clk 0:06:09]} Kb8 {[%clk 0:30:01]} 36. Ne7
{[%clk 0:03:50]} Nd8 {[%clk 0:30:49]} 37. Rd7 {[%clk 0:04:05]} Ka8
{[%clk 0:27:51]} 38. Ra7+ {[%clk 0:03:24]} Kb8 {[%clk 0:28:10]} 39. c4
{[%clk 0:02:31]} 1-0